000 00743cab a2200265 4500
001 WB3131-94
008 090401t1995 xxu||||| |||| 00| 0 eng d
035 _a(Sirsi) u52163
041 _aeng
245 _aRural areas to receive EC funding
260 _c1995
350 _a0
490 _aDoE News Release
_v(402) 7 August 1995
490 _aHerald
_v9 August 1995, 8(3)
520 _aRural areas eligible for Objective 5(b) funding are to receive about £21m of EC funds.
650 _aEU FUNDING
650 _aLEADER II COMMUNITY INITIATIVE
650 _aOBJECTIVE 5(B)
650 _aREGENERATION
650 _aRURAL AREAS
650 _aSTRUCTURAL FUNDS
690 _aRURAL PRACTICE
942 _n0
948 _c04/03/1997
999 _c32360
_d32360